LEADER 02995nam 22006372u 450 001 9910703173203321 005 20210114040301.0 010 $a977-454-083-2 035 $a(CKB)1000000000746817 035 $a(EBL)423679 035 $a(OCoLC)476264003 035 $a(SSID)ssj0000458796 035 $a(PQKBManifestationID)12210867 035 $a(PQKBTitleCode)TC0000458796 035 $a(PQKBWorkID)10439817 035 $a(PQKB)11072741 035 $a(MiAaPQ)EBC423679 035 $a(Au-PeEL)EBL423679 035 $a(OCoLC)437109967 035 $a(OCoLC)81150085 035 $a(EXLCZ)991000000000746817 100 $a20100913d2009|||| u|| | 101 0 $aeng 135 $aur|n|---||||| 181 $ctxt 182 $cc 183 $acr 200 10$aKnowledge Management in Policing$b[electronic resource] $eEnforcing Law on Criminal Business Enterprises 205 $a1st ed. 210 $aCairo $cHindawi Publishing Corporation$d2009 210 1$aWashington, D.C. :$cU.S. Dept. of Justice, Office of Community Oriented Policing Services,$d[2005] 215 $a1 online resource (229 p.) 300 $aDescription based upon print version of record. 311 $a977-454-078-6 320 $aIncludes bibliographical references. 327 $aFront Cover; Title Page; Copyright Page; Table of Contents; Foreword; Introduction; 1. Criminal Business Enterprises; 2. Theories of Criminal Enterprises; 3. Knowledge Management in Policing; 4. Intelligence Strategy Development; 5. Intelligence Information Sources; 6. Enforcing Law on Criminal Business; 7. Knowledge Management in Policing MC Crime; 8. Stage Model for Online Grooming Offenders; Conclusion; Bibliography; 330 $aThis book offers new insights into the understanding of organized crime based on the enterprise paradigm and the theory of profit-driven crimes. It will be a source of debate and inspiration for those in law enforcement and academia in this area. It makes a contribution to intelligence-led and knowledge-based policing, an emerging area of interest that builds upon and enhances policing as knowledge work, police officers as knowledge workers, and police forces as knowledge organizations. 531 $aKNOWLEDGE MANAGEMENT IN POLICING 606 $aPolice administration$zUnited States 606 $aKnowledge management$zUnited States 615 0$aPolice administration 615 0$aKnowledge management 676 $a363.20684 700 $aGottschalk$b Petter$0522727 701 $aPendleton$b Michael R$01388915 701 $aBueerman$b Jim$01388916 712 02$aCOPS Program (U.S.) 712 02$aUnited States.$bDepartment of Justice.$bOffice of Community Oriented Policing Services. 712 02$aSeattle (Wash.).$bPolice Department. 801 0$bAU-PeEL 801 1$bAU-PeEL 801 2$bAU-PeEL 906 $aBOOK 912 $a9910703173203321 996 $aKnowledge Management in Policing$93439882 997 $aUNINA LEADER 02001oam 2200529zu 450 001 9910872740703321 005 20241212215049.0 035 $a(CKB)111026746755452 035 $a(SSID)ssj0000394348 035 $a(PQKBManifestationID)12128916 035 $a(PQKBTitleCode)TC0000394348 035 $a(PQKBWorkID)10379814 035 $a(PQKB)10865828 035 $a(SSID)ssj0000394347 035 $a(PQKBManifestationID)12144072 035 $a(PQKBTitleCode)TC0000394347 035 $a(PQKBWorkID)10387257 035 $a(PQKB)11268383 035 $a(EXLCZ)99111026746755452 100 $a20160829d1999 uy 101 0 $aeng 181 $ctxt 182 $cc 183 $acr 200 10$aDirect and inverse problems of electromagnetic and acoustic wave theory : DIPED-99 : proceedings of IVth International Seminar/Workshop : Lviv, September 20-23, 1999 210 31$a[Place of publication not identified]$cInstitute for Applied Problems of Mechanics and Mathematics of NASU$d1998 300 $aBibliographic Level Mode of Issuance: Monograph 311 08$a9789660208643 311 08$a9660208642 606 $aElectromagnetic waves$vCongresses 606 $aSound-waves$vCongresses 606 $aPhysics$2HILCC 606 $aElectricity & Magnetism$2HILCC 606 $aPhysical Sciences & Mathematics$2HILCC 615 0$aElectromagnetic waves 615 0$aSound-waves 615 7$aPhysics 615 7$aElectricity & Magnetism 615 7$aPhysical Sciences & Mathematics 676 $a537/.12 712 02$aInstytut prykladnykh problem mekhaniky i matematyky im. I?A?.S. Pidstryhacha, 712 12$aInternational Seminar/Workshop on Direct and Inverse Problems of Electromagnetic and Acoustic Wave Theory. 801 0$bPQKB 906 $aPROCEEDING 912 $a9910872740703321 996 $aDirect and inverse problems of electromagnetic and acoustic wave theory : DIPED-99 : proceedings of IVth International Seminar$92498043 997 $aUNINA